000 00576nam a2200217Ia 4500
008 160901s9999 xx 000 0 und d
020 _a1-904467-09-1
050 _aComSc TK 5105.8885
050 _b.M59R53 2003
100 _aRichards, A. A.
245 _aBasic web page creation using word 2000-2002 /
245 _cA. A. Richards.
260 _aGreat Britain :
260 _bPayne-Gallway Pub. Limited.,
260 _c2003
300 _a64 pages :
300 _bcol. ill. ;
300 _c30 cm.
500 _aIncludes index.
650 _aWeb sites -- Design.
999 _c300910
_d300910